Clinical Gynecologic Endocrinology and Infertility (Record no. 2259)

MARC details
000 -LEADER
fixed length control field 00664nam a22002417a 4500
003 - CONTROL NUMBER IDENTIFIER
control field OSt
005 - DATE AND TIME OF LATEST TRANSACTION
control field 20150915131651.0
008 - FIXED-LENGTH DATA ELEMENTS--GENERAL INFORMATION
fixed length control field 150915b xxu||||| |||| 00| 0 eng d
020 ## - INTERNATIONAL STANDARD BOOK NUMBER
International Standard Book Number 9780781779685
040 ## - CATALOGING SOURCE
Transcribing agency DNLM
082 ## - DEWEY DECIMAL CLASSIFICATION NUMBER
Classification number WP505 F919c 2011
100 ## - MAIN ENTRY--PERSONAL NAME
Personal name Fritz, Marc A.
9 (RLIN) 5728
245 ## - TITLE STATEMENT
Title Clinical Gynecologic Endocrinology and Infertility
250 ## - EDITION STATEMENT
Edition statement 8th ed
260 ## - PUBLICATION, DISTRIBUTION, ETC. (IMPRINT)
Place of publication, distribution, etc. Philadelphia;
Name of publisher, distributor, etc. Wolter kluwer
Date of publication, distribution, etc. 2011
300 ## - PHYSICAL DESCRIPTION
Extent x,1439p;
Other physical details col.ill:
Dimensions 28cm
504 ## - BIBLIOGRAPHY, ETC. NOTE
Bibliography, etc Appendices, & index included
650 ## - SUBJECT ADDED ENTRY--TOPICAL TERM
Topical term or geographic name as entry element Gnecology
9 (RLIN) 5729
650 ## - SUBJECT ADDED ENTRY--TOPICAL TERM
Topical term or geographic name as entry element Endocrinology
9 (RLIN) 2229
650 ## - SUBJECT ADDED ENTRY--TOPICAL TERM
Topical term or geographic name as entry element Infertility
9 (RLIN) 5730
700 ## - ADDED ENTRY--PERSONAL NAME
Personal name Speroff, Leon
9 (RLIN) 5731
942 ## - ADDED ENTRY ELEMENTS (KOHA)
Source of classification or shelving scheme Other/Generic Classification Scheme
Koha item type Open Shelf
Holdings
Withdrawn status Lost status Source of classification or shelving scheme Damaged status Not for loan Home library Current library Date acquired Source of acquisition Inventory number Total Checkouts Full call number Barcode Date last seen Koha item type
    Other/Generic Classification Scheme     MUST Main Library MUST Main Library 15/09/2015   15/39281   WP505 F919c 2011 2015-2253 15/09/2015 Short Loan